000
00249nam a2200097Ia 4500
008
190216s9999||||xx |||||||||||||| ||und||
100
_a
Gopalakrishnan Nair
245
0
_a
Kuandam Balathanthrathinde Harisree
260
_b
Kerala Basha Inst
942
_c
BK
999
_c
37748
_d
37748